Jedzenie, którego nie trzeba gryźć. - Statystyki

Ogólne statystyki
  • Ten quiz został rozwiązany 198 razy
  • Średni wynik to 3 z 8
Statystyki odpowiedzi
Odpowiedź % Poprawnych
Zupa
80%
Budyn
50%
Jogurt
45%
Lody
44%
Sos
31%
Serek
19%
Majonez
7%
Bita śmietana
5%
Nie znaleziono quizów pasujących do podanych kryteriów
Rozkład punktacji
Procent ludzi z każdym wynikiem
Percentyl według liczby udzielonych odpowiedzi
Twoja historia wyników
Nie rozwiązałeś tego quizu